Dues hores (Record no. 108055)

MARC details
000 -LEADER
campo de control de longitud fija 00649nam a2200217 i 4500
001 - NÚMERO DE CONTROL
campo de control 108055
003 - IDENTIFICADOR DE NÚMERO DE CONTROL
campo de control ES-MaACL
005 - FECHA Y HORA DE LA ÚLTIMA TRANSACCIÓN
campo de control 20250524063049.0
007 - CAMPO FIJO DE DESCRIPCIÓN FÍSICA--INFORMACIÓN GENERAL
campo de control de longitud fija t|
008 - DATOS DE LONGITUD FIJA--INFORMACIÓN GENERAL
campo de control de longitud fija 070115s1958 sp ||||1| cat d
080 ## - NÚMERO DE LA CLASIFICACIÓN DECIMAL UNIVERSAL
Número de la Clasificación Decimal Universal 849.9-221"19"
100 1# - ENTRADA PRINCIPAL--NOMBRE DE PERSONA
Nombre de persona Folch i Camarasa, Ramon,
Fechas asociadas al nombre 1926-
9 (RLIN) 51450
245 10 - MENCIÓN DEL TÍTULO
Título Dues hores
Resto del título : comèdia en tres actes /
Mención de responsabilidad, etc. Ramón Folch i Camarasa.
260 ## - PUBLICACIÓN, DISTRIBUCIÓN, ETC.
Lugar de publicación, distribución, etc. Barcelona :
Nombre del editor, distribuidor, etc. Nereida,
Fecha de publicación, distribución, etc. 1958.
300 ## - DESCRIPCIÓN FÍSICA
Extensión 59 p. ;
Dimensiones 17 cm.
490 1# - MENCIÓN DE SERIE
Mención de serie Biblioteca Gresol ;
Designación de volumen o secuencia 32
500 ## - NOTA GENERAL
Nota general Premi Josep Claramunt 1956.
830 0# - PUNTO DE ACCESO ADICIONAL DE SERIE-TÍTULO UNIFORME
Título uniforme Biblioteca Gresol ;
Designación de volumen o secuencia 32
9 (RLIN) 185526
852 ## - LOCALIZACIÓN
Ubicación ES-MaACL
Número de control de estantería E-5161
Holdings
Estatus retirado Estado de pérdida Estado de daño No para préstamo Biblioteca de origen Biblioteca actual Ubicación en estantería Fecha de adquisición Fuente de adquisición Total de préstamos Signatura topográfica completa Código de barras Visto por última vez Precio de reemplazo Tipo de ítem Koha
        Biblioteca del Ateneo de Madrid Biblioteca del Ateneo de Madrid Depósito 2 17/01/2008     E-5161 1112760 23/02/2023 23/02/2023 Libro impreso